Borges y el idealismo : un análisis sobre el tiempo /

-д хадгалсан:
Номзүйн дэлгэрэнгүй
Үндсэн зохиолч: Gaxiola, Guillermo (autor)
Формат: Ном
Хэл сонгох:испани
Хэвлэсэн: Guadalajara, México : Arlequín : Universidad de Guadalajara, Centro Universitario de Ciencias Sociales y Humanidades, 2012, c2012
Нөхцлүүд:
Шошгууд: Шошго нэмэх
Шошго байхгүй, Энэхүү баримтыг шошголох эхний хүн болох!

MARC

LEADER 00000nam^a2200000^a^4500
001 000391216
005 20250521000000.0
009 20260310121207.891
020 |a 978-607-9046-53-8 
037 |a Acervo ITESO - Biblioteca 
041 |a ESP 
082 |a 860. 98206  |b GAX 
100 |a Gaxiola, Guillermo  |e (autor) 
245 1 0 |a Borges y el idealismo :  |b un análisis sobre el tiempo /  |c G. Gaxiola. 
264 4 |a Guadalajara, México :  |b Arlequín :  |b Universidad de Guadalajara, Centro Universitario de Ciencias Sociales y Humanidades,  |c 2012, c2012 
300 |a 99 p. 
336 |a texto  |b txt  |2 rdacontenido 
337 |a sin mediación  |b n  |2 rdamedio 
338 |a volumen  |b nc  |2 rdasoporte 
521 |a EEnlace Centro de Promoción Cultural 2016 
545 0 |a El escritor argentino Jorge Luis Borges, nacido en Buenos Aires en 1899 y fallecido en Ginebra, Suiza, en 1986, fue un ávido lector y un precoz autor, cuya primera obra fue publicada por su padre en 1909. La poesía, el ensayo, la especulación filosófica y la narrativa conjuntan un trabajo creativo que en muchos casos diluye las clasificaciones genéricas al uso. A partir de la aparición del volumen de poemas Fervor de Buenos Aires (1923), el argentino creó una extensa obra, considerada como central en la literatura universal del siglo XX. Es autor, entre otros títulos, de: Inquisiciones (1925); Luna de enfrente (1925); Tamaño de mi esperanza (1928); El idioma de los argentinos (1928); Cuaderno San Martín (1929); Evaristo Carriego (1930); Discusión (1932); Historia universal de la infamia (1933-1935); Historia de la eternidad (1936); Ficciones (1944); El aleph (1949), Otras inquisiciones (1952); El hacedor (1960); El otro, el mismo (1964); Para las seis cuerdas (1965); Elogio de la sombra (1969); El informe de Brodie (1970); El oro de los tigres (1972); La rosa profunda (1975); Los conjurados (1975); El libro de arena (1975); La moneda de hierro (1976). 
586 |a Premio Miguel de Cervantes 1979, ex aequo: Biografías, crítica e interpretación 
649 |a XX 
650 |a Escritores Argentinos 
650 |a Filósofos Alemanes 
650 |a Tiempo en la Literatura -  |z Argentina -  |x Historia y Crítica 
650 |a Tiempo en la Literatura -  |x Historia y Crítica -  |x Tema Principal 
650 |a Filosofía y Literatura -  |z Argentina -  |x Historia y Crítica -  |x Tema Principal 
650 |a Filosofía y Literatura -  |x Historia y Crítica 
650 |a Literatura Argentina -  |x Historia y Crítica 
650 |a Literatura Argentina -  |y Siglo XX 
650 |a Idealismo -  |z Alemania -  |x Historia y Crítica -  |x Tema Principal 
650 |a Idealismo -  |x Historia y Crítica 
650 |a Filosofía del Siglo XIX -  |z Alemania -  |x Historia y Crítica 
650 |a Filosofía del Siglo XIX -  |x Historia y Crítica 
650 |a Filosofía Alemana -  |x Historia y Crítica 
650 |a Borges, Jorge Luis -  |x Tema Principal 
650 |a Schopenhauer, Arthur 
910 |a Fondo General 
920 |a Impresos - Libros 
930 |a Colección General 
940 |a Literatura 
905 |a 101 
901 |a 0500285925  |b IT1  |c LIT  |i C154464  |u 20250521 
902 |a https://opac.biblio.iteso.mx/vufind/Record/000391216